| 000 | 00458nam a22001697a 4500 | ||
|---|---|---|---|
| 005 | 20240108113957.0 | ||
| 008 | 220210b ||||| |||| 00| 0 eng d | ||
| 020 | _aN1620 | ||
| 041 | _aeng | ||
| 082 | _a615.5 | ||
| 100 |
_aVYAWAHARE, DR. N.S. , KAGATHARA Dr. VIRENDRA G. , PUJARI ,MISS ROHINI R. _98287 |
||
| 245 | _aPRECLINICAL SCREENING OF DRUGS | ||
| 260 |
_aPUNE _bNIRALI PRAKASHAN |
||
| 300 | _a12.6,p | ||
| 650 |
_aPHARMACY _xB.PHARMA |
||
| 942 | _cBK | ||
| 999 |
_c7902 _d7900 |
||